1222 1702 1658 1991 1680 1971 1308 1940 1416 1666 1567 1704 1834 1881 1662 1109 1348 1736 1149 1391 1228 1389 1936 1863 1916 1537 1177 1650 1102 1443 1697 1648 1363 1050 1109 1341 1802 1874 1059 1089 1264 1457 1867 1452 1638 1733 1446 1379 1765 1322 1871 1212 1394 1410 1823 1429 1126 1527 1994 1962 1873 1967 1075 1128 1776 1716 1113 1318 1014 1962 1229 1923 1276 1348 1428 1902 1004 1620 1213 1922 1199 1635 1565 1821 1682 1416 1173 1266 1788 1720 1925 1517 1489 1010 1886 1691 1568 1397 1279 BCNSPRNW ULIB Ver.6.0+V

เปลี่ยนเป็นภาษาไทย

Change to English
 แสดงรายละเอียดบรรณานุกรม
  กลับหน้าหลัก

Brief Record : Get Marc (ISO 2709) : E-mail record : QR code < ปิดหน้าต่าง
LEADER : 00000nam 2200000uu 4500
001    13399119982
003     ULIB
008    120819s2551||||th 000 0 tha d
020    ^a9789743483479
060  4 ^aWY18.2^bพ953ท
110 1  ^aเพื่อนช่วยจำ
245 00 ^aทบทวนการพยาบาลผู้ใหญ่ ANR=^bAdult nursing review,^cเพื่อนช่วยจำ
246 0  ^aAdult nursing review
260    ^aกรุงเทพฯ:^bเพื่อนช่วยจำ,^c2551
300    ^a202 หน้า
650  7 ^aการพยาบาลผู้ใหญ่^xข้อสอบ
710 1  ^aเพื่อนช่วยจำ
945    ^p199^l0^i19266
945    ^p199^l0^i19267
995    ^aเกษร
999    ^aใช้งานได้ทุกระบบ
รายการนี้ยังไม่มีแท็ก
คุณยังไม่ได้ล็อกอิน คุณสามารถมีกิจกรรมร่วมกับเว็บไซต์ได้ แต่ต้องล็อกอินก่อน ::
  ล็อกอิน

รายการสื่อสารสนเทศ

ลำดับที่ ประเภท เลขเรียก/บาร์โค้ด สถานที่ สถานะ
1. วิทยาศาสตร์การแพทย์ และสุขภาพ
หนังสือสำรอง
สถานะ=หนังสือสำรอง
WY18.2 พ953ท ฉ.1 
  Barcode: 19266
ห้องสมุดวิทยาเขตนครสวรรค์
►ส่วนจัดเก็บหนังสือเก่า นว.
บนชั้น
  ขอยืม
2. วิทยาศาสตร์การแพทย์ และสุขภาพ
วิทยาศาสตร์การแพทย์ และสุขภาพ
WY18.2 พ953ท ฉ.2 
  Barcode: 19267
ห้องสมุดวิทยาเขตนครสวรรค์
►ส่วนจัดเก็บหนังสือเก่า นว.
บนชั้น
  ขอยืม

BibComment


ยังไม่เคยถูกคอมเมนท์

คอมเมนท์ทรัพยากรรายการนี้
  คอมเมนท์: ทบทวนการพยาบาลผู..


 Copyright 2026. Bcnsprnw @Library